Normal view
MARC view
Entry Personal Name
001 - CONTROL NUMBER
- control field: 5124
003 - CONTROL NUMBER IDENTIFIER
- control field: TZ-ArACH
005 - DATE AND TIME OF LATEST TRANSACTION
- control field: 20120402162325.0
008 - FIXED-LENGTH DATA ELEMENTS
- fixed length control field: 120402|||a|||||| | ||| d
040 ## - CATALOGING SOURCE
- Original cataloging agency: TZ-ArACH
- Transcribing agency: TZ-ArACH
100 ## - HEADING--PERSONAL NAME
- Personal name: Trindade, Antônio Augusto Cançado,
- Dates associated with a name: 1947-
670 ## - SOURCE DATA FOUND
- Source citation: Work cat.: (TZ-ArACH)1649: Trindade, Antônio Augusto Cançado, 1947-, Access of individuals to international justice /, 2011.
670 ## - SOURCE DATA FOUND
- Source citation: Work cat.: (TZ-ArACH)1649: Trindade, Antônio Augusto Cançado, 1947-, Access of individuals to international justice /, 2011.
